• 首页
  • 本馆介绍
  • 公告通知
  • 最新文献
  • 馆藏检索
  • 电子资源
  • 读者导购
  • 参考咨询
  • 我的图书馆
  • 登录
  • 详细信息显示
  • 放入我的书架
  • 预约/预借图书
  • 作者相关作品
  • 分类相关作品
  • 丛书相关作品
  • 出版社相关作品

书目信息

  • 表格格式
  • 工作单格式
  • 卡片格式
题名:
文学词典
    
 
作者: 张广明 , 孙家富 主编
分册:  
出版信息: 武汉   湖北人民出版社  1983
页数: 439页
开本: 19cm
丛书名:
单 册:
中图分类: I-61
科图分类:
主题词: 文学--词典
电子资源:
ISBN:
000 00659nam0 2200241 45
001 0183007013
005 20051026095425.56
010    @dCNY2.35@b精装
091    @a10106.889
100    @a19950207d1983 em y0chiy0121 ea
101 0  @achi
102    @aCN@b420000
105    @ay e 000yy
200 10 @a文学词典@Awen xue ci dian@f孙家富,张广明主编@FSun Jia Fu,Zhang GuangMing Zhu Bian
210    @a武汉@c湖北人民出版社@d1983
215    @a439页@d19cm
606 0  @a文学@x词典
690    @aI-61@v3
701  0 @a张广明@4主编
701  0 @a孙家富@4主编
801  2 @aCN@bNLC@c20051026
801  0 @aCN@b上海图书馆@c20040424
905    @dI-61@e4@b176840-844@f5
    
    文学词典/孙家富,张广明主编.-武汉:湖北人民出版社,1983
    439页;19cm
    
    
    ISBN (精装):CNY2.35
    
●
相关链接 在E读中查询图书 在五车中查询图书 在当当中查询图书 在豆瓣中查询图书


正题名:文学词典     索取号:I-61/4         预约/预借

序号 登录号 条形码 馆藏地/架位号 状态 备注
1 0093997   001622881   密集书库/ [索取号:I-61/4] 在馆    
2 0093998   000832638   第二借阅区/ [索取号:I-61/4] 在馆    
3 0093999   202133020   第二借阅区/ [索取号:I-61/4] 在馆    
4 0094000   000832344   第二借阅区/ [索取号:I-61/4] 在馆    
5 0094001   000832594   第一样本阅览室/ [索取号:I-61/4] 在馆    
6 0176840   000804810   第二借阅区/ [索取号:I-61/4] 在馆    
7 0176841   000804829   第二借阅区/ [索取号:I-61/4] 在馆    
8 0176842   000804847   第二借阅区/ [索取号:I-61/4] 在馆    
9 0176843   000832380   第二借阅区/ [索取号:I-61/4] 在馆    
10 0176844   000804865   第二借阅区/ [索取号:I-61/4] 在馆    
唐山师范学院图书馆 欢迎您!
大连网信软件有限公司© 版权所有